00633nam a22002177a 4500003000500000005001700005008004100022010001000063011001000073035001000083040000900093082001700102100002700119245010100146260004800247300001100295490003000306650001100336700001700347830005100364CHAP20230822062641.0971013c19831975 r 00010 d a60720 a61692 a65860 cCHAP a335.412bD6Y00aDobb, Maurice Herbert. aTeoría del valor y de la distribución desde Adam Smithb: ideología y teoría económica aMéxico, D. F. :bSiglo XXI,c1983 (c1975) a329 p. aEconomía y demografía14aValor.0 aSmith, Adam.04aEconomía y demografía (Siglo XXI Editores)